| 000 | 01609cam a2200325Li 4500 | ||
|---|---|---|---|
| 001 | extraomundodel00esco | ||
| 003 | CaSfIA | ||
| 005 | 20210118082226.0 | ||
| 007 | cr|||| | ||
| 008 | 720101s1970 es 000 0 spa d | ||
| 040 |
_aBDF _bfre _cBDF _dCaSfIA |
||
| 015 |
_a57107467 _2bnf |
||
| 016 | 7 |
_aFRBNF352232750000000 _2FrPBN |
|
| 035 | _a(OCoLC)463208101 | ||
| 100 | 1 |
_aEscobar Galindo, David, _d1943-.... _4aut |
|
| 245 | 1 | 0 |
_aExtraño mundo del amanecer : _h[electronic resource] _bPortada de Antonio Flores Hernández. |
| 260 |
_aSan Salvador : _bMinisterio de educación, Dirección general de cultura, Dirección de publicaciones, _c1970. |
||
| 300 | _a18 cm, 83 p., couv. ill. | ||
| 490 | 0 |
_aNuevapalabra, Poesía ; _v1 |
|
| 760 | 0 |
_tNuevapalabra (Dirección general de cultura) _g1 _w(FrPBN)34258810 |
|
| 856 | 4 | 2 |
_3Notice et cote du catalogue de la Bibliothèque nationale de France _uhttp://catalogue.bnf.fr/ark:/12148/cb352232750 |
| 856 | 4 | 1 |
_uhttp://www.archive.org/details/extraomundodel00esco _zFree eBook from the Internet Archive |
| 886 | 1 |
_2intermrc _a009 _bax-x--------------- |
|
| 886 | 2 |
_2intermrc _a917 _b-- _oOPL _a009975167 |
|
| 886 | 2 |
_2intermrc _a918 _b-- _oOPL _a00011385 _bMON005 |
|
| 886 | 2 |
_2intermrc _a919 _b-- _pFR _oNCG _aH0204420000 |
|
| 942 | _cEB | ||
| 506 | _fНеобхідна авторизація на https://archive.org/ (створення облікового запису безкоштовно) | ||
| 506 | _fНеобхідна авторизація на https://openlibrary.org/ (створення облікового запису безкоштовно) | ||
| 999 |
_c494668 _d494668 |
||